Культура безопасности ядерно-опасных объектов как составляющая режима нераспространения; Полярное сияние - 2007. Ядерное будущее: безопасность, экономика и право

Podrobná bibliografie
Parent link:Полярное сияние - 2007. Ядерное будущее: безопасность, экономика и право.— 2007.— С. 470-471
Hlavní autor: Светенков Д. В.
Další autoři: Сухих О. Г.
Jazyk:ruština
Vydáno: 2007
Témata:
Médium: Kapitola
KOHA link:https://koha.lib.tpu.ru/cgi-bin/koha/opac-detail.pl?biblionumber=137099

MARC

LEADER 00000naa2a2200000 4500
001 137099
005 20231031140913.0
035 |a (RuTPU)RU\TPU\book\148587 
090 |a 137099 
100 |a 20080505d2007 k y0rusy50 ca 
101 0 |a rus 
102 |a RU 
200 1 |a Культура безопасности ядерно-опасных объектов как составляющая режима нераспространения  |f Д. В. Светенков, О. Г. Сухих 
320 |a Библиогр.: 4 назв. 
463 0 |0 (RuTPU)RU\TPU\book\140505  |y 9785-7262-0759-9  |t Полярное сияние - 2007. Ядерное будущее: безопасность, экономика и право  |o сборник тезисов докладов X Международной молодежной научной конференции, 29 января - 3 февраля 2007 г., Санкт-Петербург  |f Московский инженерно-физический институт  |v С. 470-471  |d 2007  |p 484 с. 
610 1 |a ядерная энергетика 
610 1 |a безопасность 
610 1 |a режим нераспространения 
610 1 |a нераспространение 
610 1 |a атомная энергия 
610 1 |a право 
610 1 |a труды учёных ТПУ 
700 1 |a Светенков  |b Д. В. 
701 1 |a Сухих  |b О. Г. 
801 1 |a RU  |b 63413507  |c 20080505  |g PSBO 
942 |c BK